• 首页
  • 本馆介绍
  • 公告通知
  • 最新文献
  • 馆藏检索
  • 电子资源
  • 读者导购
  • 参考咨询
  • 我的图书馆
  • 登录
  • 详细信息显示
  • 放入我的书架
  • 预约/预借图书
  • 作者相关作品
  • 分类相关作品
  • 丛书相关作品
  • 出版社相关作品

书目信息

  • 表格格式
  • 工作单格式
  • 卡片格式
题名:
无机材料显微结构分析
    
 
作者: 周志朝 编著
分册:  
出版信息: 杭州   浙江大学出版社  2000.10
页数: 331页
开本: 26cm
丛书名:
单 册:
中图分类: TB321.3
科图分类:
主题词: 无机材料--显微结构--分析--高等学校--教材 , 无机材料 , 显微结构
电子资源:
ISBN: 978-7-308-01327-7
000 00944nam0 2200277 450
001 012001014277
005 20140609084830.45
010    @a978-7-308-01327-7@dCNY34.00
100    @a20110916e20112000em y0chiy50 ea
101 0  @achi
102    @aCN@b330000
105    @aak z 000yy
106    @ar
200 1  @a无机材料显微结构分析@9wu ji cai liao xian wei jie gou fen xi@f周志朝等编著
205    @a2版
210    @a杭州@c浙江大学出版社@d2000.10@h2011.01重印
215    @a331页@c图@d26cm
300    @a国家建筑材料工业局九五重点教材 新世纪高等院校精品教材
330    @a本书分为无机材料显微结构分析概述;偏光显微镜薄片研究法;反光显微镜光片研究法;电子显微镜研究法;显微结构定量分析等共9章。
606 0  @a无机材料@x显微结构@x分析@x高等学校@j教材
606 0  @a无机材料
606 0  @a显微结构
690    @aTB321.3@v4
701  0 @a周志朝@9zhou zhi chao@4编著
801  0 @aCN@bRENTIAN@c20110916
905    @b547852-54@dTB321.3@e236=2@f3
    
    无机材料显微结构分析/周志朝等编著.-2版.-杭州:浙江大学出版社,2000.10(2011.01重印)
    331页:图;26cm
    国家建筑材料工业局九五重点教材 新世纪高等院校精品教材
    
    ISBN 978-7-308-01327-7:CNY34.00
    本书分为无机材料显微结构分析概述;偏光显微镜薄片研究法;反光显微镜光片研究法;电子显微镜研究法;显微结构定量分析等共9章。
●
相关链接 在E读中查询图书 在五车中查询图书 在当当中查询图书 在豆瓣中查询图书


正题名:无机材料显微结构分析     索取号:TB321.3/236=2         预约/预借

序号 登录号 条形码 馆藏地/架位号 状态 备注
1 547852   205478525   第二样本阅览室/ [索取号:TB321.3/236=2] 在馆    
2 547853   205478534   第三借阅区/ [索取号:TB321.3/236=2] 在馆    
3 547854   205478543   化学系资料室/ [索取号:TB321.3/236=2] 在馆    
唐山师范学院图书馆 欢迎您!
大连网信软件有限公司© 版权所有